000 00422nam a2200181Ia 4500
005 20250603145805.0
008 250603s9999 xx 000 0 und d
020 _a9783031522468
050 _aHD 38.5 .H37/
100 _aHarland, Christine
245 0 _aSupply Chain Management
260 _aSwitzerland
260 _bSpringer Nature
260 _c2024
300 _a187 p
650 _aSwitzerland
942 _cBK
999 _c42862
_d42862